000 00846nam a22002297a 4500
008 240605b mp ||||| |||| 00| 0 mon d
020 _a99929-0-470-4
035 _a11015
040 _aHE0623081
_bmon
_cMN-UlNLM
_dMN-UlNLM
_erda
041 _amon
042 _a24364
084 _2NNA
_a28.6
_bА.35
100 _aАйгнэр Э.
245 0 _aСуурин гацааны тэжээвэр
264 _aУБ.
_bМонсудар
_c2005
300 _a21х.
336 _2rdacontent
_atext
_btxt
337 _2rdamedia
_aunmediated
_bn
338 _2rdacarrier
_avolume
_bnc
650 _aЭнэхүү номонд суурин газар тэжээдэг галуу, тахиа, цацагт хяруул, молтогчин туулай, ямаа, хонь, үхэр, адуу, гахай зэрэг амьтдын а...
942 _2NNA
_cBK
999 _c883074
_d883131